| 000 | 01057nam a2200313 4500 | ||
|---|---|---|---|
| 003 | OSt | ||
| 005 | 20260601193404.0 | ||
| 008 | 260421b19191933 a|||| |||| 00| 0 spa d | ||
| 020 | _a9783822850008 | ||
| 040 |
_aICI _bspa _cICI |
||
| 041 | _aspa | ||
| 050 |
_aN332.G33 _bB38318 2019 |
||
| 100 | 1 |
_aDroste, Magdalena, _dautor _935290 |
|
| 245 | 1 |
_aBauhaus 1919 - 1933 _cMadgadela Droste ; traducción de la edición ampliada, Carmen Villa |
|
| 264 | 1 |
_bTASCHEN _c2019 _aKöln |
|
| 300 |
_a256 páginas _bilustraciones ; |
||
| 336 |
_atexto _2rdacontent |
||
| 337 |
_asin medio _2rdamedia |
||
| 338 |
_avolumen _2rdacarrier |
||
| 500 | _a Reimpresiones: (2015) | ||
| 610 | 2 |
_aBauhaus _xExhibiciones _935291 |
|
| 610 | 2 |
_a Bauhaus _xHistoria _935292 |
|
| 650 |
_a Arte moderno _xExposiciones _ySiglo XX _zAlemania _935293 |
||
| 650 |
_aDiseño _ySiglo XX _z Alemania _935294 |
||
| 650 |
_aArte _xEstudio y enseñanza _ySiglo XX _zAlemania _935295 |
||
| 700 |
_aLagier, Diana _etraductor _935296 |
||
| 700 |
_aGossel, Peter _eeditor _935297 |
||
| 942 |
_2lcc _cB _n1 |
||
| 999 |
_c21064 _d21064 |
||